លើដី និង ក្នុងទឹក / (Record no. 8760)
[ view plain ]
| 000 -LEADER | |
|---|---|
| fixed length control field | 02433nam a22003137a 4500 |
| 001 - CONTROL NUMBER | |
| control field | 8760 |
| 003 - CONTROL NUMBER IDENTIFIER | |
| control field | FISKH |
| 005 - DATE AND TIME OF LATEST TRANSACTION | |
| control field | 20251211113023.0 |
| 008 - FIXED-LENGTH DATA ELEMENTS--GENERAL INFORMATION | |
| fixed length control field | 251017b cb ||||| |||| 00| 0 eng d |
| 020 ## - INTERNATIONAL STANDARD BOOK NUMBER | |
| International Standard Book Number | 9789995001896 |
| 040 ## - CATALOGING SOURCE | |
| Original cataloging agency | FISKH |
| Language of cataloging | khr |
| Transcribing agency | FISKH |
| Modifying agency | FISKH |
| 050 ## - LIBRARY OF CONGRESS CALL NUMBER | |
| Classification number | PZ7 |
| 082 ## - DEWEY DECIMAL CLASSIFICATION NUMBER | |
| Classification number | 895 |
| 100 ## - MAIN ENTRY--PERSONAL NAME | |
| Personal name | Jerng , Yim |
| 245 ## - TITLE STATEMENT | |
| Title | លើដី និង ក្នុងទឹក / |
| Statement of responsibility, etc. | អ្នកនិពន្ធ លោក យឹម ជឿង , អ្នករៀបរៀង លោក អ៊ាន ភាង និង លោកស្រី ងួន សាកល |
| 260 ## - PUBLICATION, DISTRIBUTION, ETC. | |
| Place of publication, distribution, etc. | ភ្នំពេញ : |
| Name of publisher, distributor, etc. | គ្រឹះស្ថានបោះពុម្ពនិងចែកផ្សាយ , |
| Date of publication, distribution, etc. | 2013 . |
| 300 ## - PHYSICAL DESCRIPTION | |
| Extent | 8 pages : |
| Other physical details | color illustrations ; |
| Dimensions | 17*18 cm . |
| 490 ## - SERIES STATEMENT | |
| Series statement | រឿងនិទានអប់រំសម្រាប់កុមារ |
| 505 ## - FORMATTED CONTENTS NOTE | |
| Formatted contents note | K <br/> |
| 520 ## - SUMMARY, ETC. | |
| Summary, etc. | ខ្លានិងក្រពើតែងតែឈ្លោះគ្នាដណ្តើមទឹកដី ។ ចំនែកតាជឿងជាអ្នកសម្របសម្រួល។ ថ្ងៃមួយតាជឿងនិងកូនប្រុសដើរលេងក៏វង្វេងនៅក្នុងព្រៃ ។ ពេលយប់ខ្លាបម្រុងនឹងសុីតាជឿង ដោយសារតែពុកគាត់ដ៏រឹងរបស់គាត់បានចាក់ច្រមុះគាត់ គាត់ក៏កណ្តាស់ធ្វើអោយខ្លាភ័យធ្លាក់ចូលទឹក ស្ទើរតែបាត់បង់ជីវិតដោយសារតែក្រពើ ។ |
| 520 ## - SUMMARY, ETC. | |
| Summary, etc. | The Tiger and the Crocodile were always fighting over territory. Meanwhile, Ta Cheung acted as the mediator. One day, Ta Cheung and his son went for a walk and got lost in the forest. At night, the Tiger was about to eat Ta Cheung, but because of his son's strong and brave nature, he struck the Tiger on the nose. The Tiger panicked and fell into the water, nearly losing his life to the Crocodile." |
| 521 8# - TARGET AUDIENCE NOTE | |
| Target audience note | 510 <br/> |
| Source | Lexile estimate <br/> |
| 521 8# - TARGET AUDIENCE NOTE | |
| Target audience note | K <br/> |
| Source | Raz-Plus <br/> |
| 650 ## - SUBJECT ADDED ENTRY--TOPICAL TERM | |
| Topical term or geographic name entry element | ខ្លានិងក្រពើ |
| Form subdivision | រឿងនិទានកុមារ |
| 650 ## - SUBJECT ADDED ENTRY--TOPICAL TERM | |
| Topical term or geographic name entry element | Tiger and crocodile |
| Form subdivision | Children's stories |
| 700 ## - ADDED ENTRY--PERSONAL NAME | |
| Personal name | Visal, Seng |
| Relator term | Illustration |
| 942 ## - ADDED ENTRY ELEMENTS (KOHA) | |
| Source of classification or shelving scheme | Dewey Decimal Classification |
| Koha item type | Khmer Books |
| Suppress in OPAC | No |
| Withdrawn status | Lost status | Source of classification or shelving scheme | Damaged status | Not for loan | Collection | Home library | Current library | Shelving location | Date acquired | Total Checkouts | Full call number | Barcode | Date last seen | Copy number | Price effective from | Koha item type |
|---|---|---|---|---|---|---|---|---|---|---|---|---|---|---|---|---|
| Dewey Decimal Classification | Khmer Language Books / សៀវភៅភាសាខ្មែរ | Footprints International School Library Network Toul Tom Poung Campus | Footprints International School Library Network Toul Tom Poung Campus | TTP Primary Khmer Bookshelves | 10/17/2025 | JER PZ7 895 | FIS01286 | 10/17/2025 | 1 | 10/17/2025 | Khmer Books | |||||
| Dewey Decimal Classification | Khmer Language Books / សៀវភៅភាសាខ្មែរ | Footprints International School Library Network Toul Tom Poung Campus | Footprints International School Library Network Toul Tom Poung Campus | TTP Primary Khmer Bookshelves | 12/11/2025 | JER PZ7 895 | FIS02535 | 12/11/2025 | 2 | 12/11/2025 | Khmer Books |
